Solidarity : (Record no. 115566)
[ view plain ]
| 000 -LEADER | |
|---|---|
| fixed length control field | 00649nam a2200205Ia 4500 |
| 008 - FIXED-LENGTH DATA ELEMENTS--GENERAL INFORMATION | |
| fixed length control field | 140429s9999 xx 000 0 und d |
| 020 ## - INTERNATIONAL STANDARD BOOK NUMBER | |
| International Standard Book Number | 9781848135956 |
| 050 ## - LIBRARY OF CONGRESS CALL NUMBER | |
| Classification number | HM 717 |
| Item number | .F43 2012 |
| 100 ## - MAIN ENTRY--PERSONAL NAME | |
| Personal name | Featherstone, David |
| 245 ## - TITLE STATEMENT | |
| Title | Solidarity : |
| Remainder of title | hidden histories and geographies of internationalism / |
| Statement of responsibility, etc | David Featherstone. |
| 260 ## - PUBLICATION, DISTRIBUTION, ETC. (IMPRINT) | |
| Place of publication, distribution, etc | New York : |
| Name of publisher, distributor, etc | Zed Books, |
| Date of publication, distribution, etc | c2012. |
| 300 ## - PHYSICAL DESCRIPTION | |
| Extent | 304 p. : |
| Other physical details | ill. ; |
| Dimensions | 22 cm. |
| 500 ## - GENERAL NOTE | |
| General note | Includes bibliographical references and index. |
| 521 ## - TARGET AUDIENCE NOTE | |
| Target audience note | |
| 650 ## - SUBJECT ADDED ENTRY--TOPICAL TERM | |
| Topical term or geographic name as entry element | Internationalism. |
| 650 ## - SUBJECT ADDED ENTRY--TOPICAL TERM | |
| Topical term or geographic name as entry element | Protest movements. |
| 650 ## - SUBJECT ADDED ENTRY--TOPICAL TERM | |
| Topical term or geographic name as entry element | Solidarity |
| General subdivision | Political aspects. |
| 942 ## - ADDED ENTRY ELEMENTS (KOHA) | |
| Call number prefix | Foreign |
| Koha item type | Books |
| Withdrawn status | Lost status | Damaged status | Home library | Current library | Shelving location | Date acquired | Source of acquisition | Cost, normal purchase price | Total Checkouts | Full call number | Barcode | Date last seen | Price effective from | Koha item type |
|---|---|---|---|---|---|---|---|---|---|---|---|---|---|---|
| College Library | College Library | Reserve Section | 04/29/2014 | Library Fund | 1518.00 | HM 717 .F43 2012 | C16959 | 05/15/2018 | 04/29/2014 | Books |